书目信息 |
| 题名: |
南非
|
|
| 作者: | 里希克 著 ;郝意凝 , 孟艳梅 译 | |
| 分册: | ||
| 出版信息: | 北京 旅游教育出版社 2009.01 |
|
| 页数: | 308页 | |
| 开本: | 23cm | |
| 丛书名: | 文化震撼之旅 | |
| 单 册: | ||
| 中图分类: | K947.8 | |
| 科图分类: | ||
| 主题词: | ||
| 电子资源: | ||
| ISBN: | 978-7-5637-1766-8 | |
| 000 | 01080nam 2200301 450 | |
| 001 | 012009345549 | |
| 005 | 20090820091651.71 | |
| 010 | @a978-7-5637-1766-8@dCNY48.00 | |
| 100 | @a20090820d2009 em y0chiy0120 ea | |
| 101 | 1 | @achi@ceng |
| 102 | @aCN@b110000 | |
| 105 | @aa z 000yy | |
| 106 | @ar | |
| 200 | 1 | @a南非@Anan fei@f(南非) 迪·里希克著@F(nan fei)di·li xi ke zhu@g郝意凝, 孟艳梅译@Ghao yi ning,meng yan mei yi |
| 210 | @a北京@c旅游教育出版社@d2009.01 | |
| 215 | @a308页@c图@d23cm | |
| 225 | 2 | @a文化震撼之旅@Awen hua zhen han zhi lu@h第二辑 |
| 312 | @a英文并列题名取自封面 | |
| 330 | @a本书介绍了南非复杂的历史、现在与未来,同时还可为那些准备在南非长期逗留的初来乍到者提供住房、移民法规、交通、商务礼节等各方面的详尽说明。 | |
| 410 | 0 | @12001 @a文化震撼之旅 |
| 500 | 10 | @aSouth Africa@mChinese |
| 607 | @a南非@Anan fei@x概况 | |
| 690 | @aK947.8@v4 | |
| 701 | 1 | @a里希克@Ali xi ke@g(Rissik, Dee)@4著 |
| 702 | 0 | @a郝意凝@Ahao yi ning@4译 |
| 702 | 0 | @a孟艳梅@Ameng yan mei@4译 |
| 801 | 0 | @aCN@bQSSK@c20090820 |
| 905 | @b751337-39@dK947.8@eL353@f3 | |
| 南非/(南非) 迪·里希克著/郝意凝, 孟艳梅译.-北京:旅游教育出版社,2009.01 |
| 308页:图;23cm.-(文化震撼之旅.第二辑) |
| ISBN 978-7-5637-1766-8:CNY48.00 |
| 本书介绍了南非复杂的历史、现在与未来,同时还可为那些准备在南非长期逗留的初来乍到者提供住房、移民法规、交通、商务礼节等各方面的详尽说明。 |
| ● |
| 相关链接 |
|
|
|
正题名:南非
索取号:K947.8/L353
 
预约/预借
| 序号 | 登录号 | 条形码 | 馆藏地/架位号 | 状态 | 备注 |
| 1 | 751337 | 207513378 | 社科库309/309社科库 27排2列1层/ [索取号:K947.8/L353] | 在馆 | |
| 2 | 751338 | 207513387 | 社科库309/309社科库 27排2列1层/ [索取号:K947.8/L353] | 在馆 | |
| 3 | 751339 | 207513396 | 社科库309/309社科库 27排2列1层/ [索取号:K947.8/L353] | 在馆 |